LEADER 01300nam a2200253 a 4500 001 000000111690 003 CaOOAMICUS 005 20080519105325.0 008 080519s2006 it m 000 u eng d 040 $aALF$bita$daaa$dPUL$dLDB 100 1 $aYustinus, Yustinus,$cC.M.,$d1968-$0(OLS)http://pul/name/68666 245 14$aThe discussion regarding the doctrine of "intrinsece malum" before and after "Veritatis splendor" /$cYustinus Yustinus. 260 $aRomae :$b[s.n.],$c2006. 300 $avi, 176 p. ;$c24 cm. 500 $aIn testa al front.: Pontificia Universitas Lateranensis, Academia Alfonsiana, Institutum Superius Theologiae Moralis 502 $aEstratto di dissertazione: Pontificia Universitas Lateranensis. Academia Alfonsiana 504 $aBibliogr.: p. [139]-169. 610 24$aPapi (1978-2005 : Iohannes Paulus PP. II).$tVeritatis splendor.$0(OLS)http://pul/subject/12931 650 4$aMale.$0(OLS)http://pul/subject/5638 850 $aPUL 852 $aPUL$W1$xDP1 Tesi Acc. Alfonsiana$y28$m2006 B 16$j127995$qTesi$B126726$CPULBib$Z2$F126726 $82 941 1 $a16 996 $6245$aThe discussion regarding the doctrine of "intrinsece malum" before and after "Veritatis splendor" $9(OLS)http://pul/title/140485 996 $6260$aRomae :$b[s.n.]$9(OLS)http://pul/publisher/48223 LEADER 01413nam a2200337 a 4500 001 000000128840 003 CaOOAMICUS 005 20120511153407.0 008 120511s2012 it ab u000 u ita r 040 $aPUL$bita 041 1 $aita$heng 082 04$a940.1 100 1 $aNicolle, David,$d1944-$0(OLS)http://pul/name/53274 240 10$aFirst crusade 1096-99.$lItaliano.$0(OLS)http://pul/title/162808 245 10$aLotta per la Terra Santa /$cDavid Nicolle ; illustrazioni di Christa Hook. 260 $aMilano :$bRBA Italia,$c2012. 300 $a96 p. :$bill., c. geogr. ;$c25 cm. 490 1 $aBiblioteca Osprey Medioevo ;$v01 500 $aPubblicazione periodica settimanale. 500 $aSulla cop.: Osprey Publishing. 650 4$aCrociate$yPrima, 1096-1099.$0(OLS)http://pul/subject/27415 651 4$aTerra Santa$xStoria.$0(OLS)http://pul/subject/34132 700 1 $aHook, Christa.$0(OLS)http://pul/name/77601 830 0$aBiblioteca Osprey Medioevo ;$v01.$0(OLS)http://pul/title/162235 850 $aPUL 852 $aPUL$W1$xDP2 Filosofia 3$y112$m940. 1 COLL 3.1$j149180$qDDC 21$B147745$CPULBib$Z2$F147745 $H119271 $82 941 1 $a9 996 $6082$a940.1$9(OLS)http://pul/classification/198 996 $6245$aLotta per la Terra Santa$9(OLS)http://pul/title/162807 996 $6260$aMilano :$bRBA Italia$9(OLS)http://pul/publisher/80118